| 000 | 00914nam a2200253 i 4500 | ||
|---|---|---|---|
| 001 | 67266 | ||
| 003 | ES-MaACL | ||
| 005 | 20230906170024.0 | ||
| 007 | t| | ||
| 008 | 040517s2002 sp ||||1| spa d | ||
| 020 | _a84-8444-435-X | ||
| 080 | _a347.91/95(460)(083.2) | ||
| 100 | 1 |
_aRodríguez Hermoso, Francisco. _998572 |
|
| 245 | 1 | 0 |
_aFormularios procesales civiles _b: (adaptados a la nueva Ley de enjuiciamiento civil) / _cFrancisco Rodríguez Hermoso. |
| 250 | _a13 ª ed. | ||
| 260 |
_aAlbolote (Granada) : _bComares, _c2002. |
||
| 300 |
_aL, 972 p. ; _c25 cm + _e1 disco (CD-ROM) |
||
| 490 | 1 | _aBiblioteca Comares de ciencia jurídica | |
| 650 | 4 |
_aProcedimiento civil- _zEspaña- _vFormularios. _916421 |
|
| 830 | 0 |
_aBiblioteca Comares de ciencia jurídica _9179318 |
|
| 852 |
_aES-MaACL _jL-14253 _bR.133794 _z. - Libro |
||
| 852 |
_aES-MaACL _jROT 1/7/17 _z. - CD-ROM |
||
| 999 |
_c67266 _d67266 |
||